000 00571nam a2200193Ia 4500
005 20260120124626.0
008 008 260114s9999 xx 000 0 eng d
020 _a9780762312061
037 _aEBOOK
040 _aCRL
_beng
_cCRL
041 _aeng
_2eng
084 _qCRL
245 0 _aTaking Life and Death Seriously - Bioethics from Japan
260 _bEmerald Publishing
_c2005
700 _aTakao Takahashi
_9908534
856 _uhttps://www.emerald.com/insight/publication/doi/10.1016/S1479-3709(2005)8
942 _cEBOOK
999 _c1500430
_d1500430